01050nac a22002771u 4500010001700000020001500017020002200032035002200054035001400076082001800090090001500108100003400123245008500157260006800242300002000310440002400330500002600354504005800380511002600438650005400464650005600518650005700574942002000631999001500651952010600666 a 2002023856 a033521049X a0335210481 (pbk.) a(DLC) 2002023856 a(DLC)140800a371.9046bBEN c7219d7219 aBenjamin, Shereen, 14aThe micro/politics of inclusive education :ban ethnography /cShereen Benjamin. aBuckingham ;aPhiladelphia :bOpen University Press,2002c2002. a158p. ;c22 cm. 0aInclusive education adistributer: Al-Ahram aIncludes bibliographical references (p. ) and index. acatalogued by: wessam 0aInclusive educationzGreat BritainvCase studies. 0aEducational sociologyzGreat BritainvCase studies. 0aFeminism and educationzGreat BritainvCase studies. cBBk371.9046BEN c7219d7219 00104070aMAINbMAINc1STd2016-01-08ePurchasel0o371.9046BENp000008811r2025-07-15 00:00:00yBB